000 00767nam a2200217 a 4500
003 BD-DhJNU
005 20250902064654.0
008 090430s2009 bg b b 001 0 eng
020 _a9847022000141
040 _aBD-DhJNU
_bENG
_cBD-DhJNU
_dBD-DhJNU
082 0 0 _a320.954 KHN
_223
100 1 _aKhan, Md. Lutfor Rahman
245 1 0 _aNation building problems in Bangladesh :
_ba socio-economic-poltical perspective /
_cKhan Md. Lutfor Rahman
260 _aDhaka :
_bThe University Press,
_c2009.
300 _axx, 284 p. :
_bmaps ;
_c23 cm.
504 _aIncludes bibliographical references (p. [257]-270) and index.
650 0 _aNation-building
_zBangladesh.
651 0 _aBangladesh
_xSocial conditions.
651 0 _aBangladesh
_xEconomic conditions.
942 _cBK
999 _c2066
_d2066